| 000 | 01111nam a22002417a 4500 | ||
|---|---|---|---|
| 005 | 20240530110514.0 | ||
| 008 | 160116s2013 ua g b 000 0 ara d | ||
| 017 |
_a2012/2730 _bمصر . دار الكتب المصرية |
||
| 020 | _a9789774383727 | ||
| 040 | _aEG-CaGPL | ||
| 082 | 0 | 4 |
_221 _a361.7\ _bم أ |
| 100 | 0 | _aماهر ابوالمعاطى على . | |
| 245 | 1 | 2 |
_aالاتجاهات الحديثة فى جودة تعليم الخدمة الاجتماعية : _bمع نماذج مصرية و عربية و عالمية / _cماهر ابوالمعاطى على . |
| 250 | _aط1. | ||
| 260 |
_aالقاهرة : _bالمكتب الجامعى الحديث ، _c2013 . |
||
| 300 |
_a496 ص ؛ _c24 سم . |
||
| 490 | 0 | _aسلسلة طرق و مجالات الخدمة الاجتماعية : الكتاب العاشر . | |
| 504 | _aيشتمل على ارجاعات ببليوجرافية | ||
| 650 | 0 | 4 |
_aجودة التعليم _xالخدمة الاجتماعية . |
| 650 | 0 | 4 |
_aالخدمة الاجتماعية _xانماط . |
| 942 |
_2ddc _cBK |
||
| 999 |
_c61760 _d61760 |
||